=LDR 00000nam 2200000 4500 =001 INLIS000000000040142 =005 20130612145724 =008 ***********************************IND** =035 ##$$0010-061300000040142 =041 ##$$a IND =082 ##$$a 634.9 =090 ##$$a 634.9Naz p =100 ##$$a Ir.Nazarudin =245 ##$$a Penghijauan Kota =850 ##$$a NBPNMAT